True or false? - Flags - Statistics

General Stats
  • This quiz has been taken 66 times
  • The average score is 8 of 12
Answer Stats
Question Answer % Correct
The canadian flag has a red mapple leaf True
92%
The flag of Hungary only has 3 colours True
92%
The Indian flag has yellow on it False
77%
The star in the flag of Morocco is the same as the one on Israel's flag False
77%
2 stars of Bosnia's flag are cut in half True
69%
Costa Rica and Thailand have exactly the same flag False
62%
The flag of Zambia contains every colour the flag of Armenia has False
62%
The star in Somalia's flag is not centered False
62%
The cross in Finland's flag is centered False
54%
Qatar's flag has more "triangles" than Bahrain's flag True
54%
The flag of Botswana counts 5 stripes True
54%
The Malaysian flag has as much stripes as the flag of the USA False
38%
No matching quizzes found
Score Distribution
Percent of People with Each Score
Percentile by Number Answered
Your Score History
You have not taken this quiz